الصينيون المعاصرون : (Record no. 6539)
[ view plain ]
| 000 -الفاتح | |
|---|---|
| حقل البيانات ثابتة الطول | 01527nac a22003131i 4500 |
| 003 - محدد رقم الضبط | |
| رقم الضبط | EG-ScBUE |
| 005 - وقت وتاريخ اخر تعامل مع التسجيلة | |
| رقم الضبط | 20231128100814.0 |
| 008 - عناصر البيانات ثابتة الطول - معلومات عامة | |
| حقل البيانات ثابتة الطول | 121023s1996 ku af 001 0 ara d |
| 040 ## - مصدر الفهرسة | |
| وكالة الفهرسة الأصلية | EG-ScBUE |
| لغة الفهرسة | ara |
| قواعد الوصف | rda |
| وكالة النسخ | EG-ScBUE |
| وكالة التعديل | EG-ScBUE |
| 043 ## - رمز المنطقة الجغرافية | |
| رمز المنطقة الجغرافية | a-cc--- |
| 082 04 - رقم تصنيف ديوى العشرى | |
| رقم التصنيف | 951 |
| رقم المادة | ب ن ص |
| رقم الطبعة | 22 |
| 100 1# - المدخل الرئيسى - إسم شخصى | |
| الإسم الشخصى | بن، وو، |
| الدور | مؤلف. |
| 9 (RLIN) | 31217 |
| 245 12 - بيان العنوان | |
| العنوان | الصينيون المعاصرون : |
| بقية العنوان | التقدم نحو المستقبل انطلاقا من الماضي. |
| رقم الجزء/قسم العمل | الجزء الثاني / |
| بيان المسئوليه,etc | تأليف وو بن ؛ ترجمة د. عبد العزيز حمدي ؛ مراجعة د. لي تشين تشونغ. |
| 264 #1 - النشر، التوزيع | |
| مكان الناشر او الموزع | الكويت : |
| اسم الناشر او الموزع | المجلس الوطنى للثقافة والفنون والاداب، |
| تاريخ النشر أو التوزيع | 1996. |
| 300 ## - الوصف المادى | |
| التعداد | 334 صفحة ؛ |
| أبعاد الوعاء | 24 سم. |
| 336 ## - نوع المحتوى | |
| source | rdacontent |
| Carrier Type Term | نص |
| Content Type Code | txt |
| 337 ## - نوع الوسيط | |
| Media Type Term | بدون وسيط |
| source | rdamedia |
| Media Type Code | n |
| 338 ## - نوع الحامل أو الناقل | |
| Carrier Type Term | مجلد |
| Carrier Type Code | nc |
| source | rdacarrier |
| 490 0# - بيان السلسلة | |
| عنوان السلسلة | عالم المعرفة ؛ |
| رقم المجلد/ التعيين التسلسلي | 211 |
| 500 ## - تبصرة عامة | |
| تبصرة عامة | يشتمل على كشاف. |
| 546 ## - تبصرة اللغة | |
| تبصرة اللغة | النص باللغة العربية وتم ترجمته من اللغة الصينية. |
| 651 #7 - المدخل الاضافى بالموضوع - اسم جغرافى | |
| الاسم الجغرافي | الصين |
| التقسيم الفرعي العام | سياسة وحكومة |
| التقسيم الفرعي الزمني | العصر الحديث. |
| مصدر الرأس أو المصطلح | BUEsh |
| 9 (RLIN) | 31219 |
| 651 #7 - المدخل الاضافى بالموضوع - اسم جغرافى | |
| الاسم الجغرافي | الصين |
| التقسيم الفرعي العام | تاريخ |
| التقسيم الفرعي الزمني | العصر الحديث. |
| مصدر الرأس أو المصطلح | BUEsh |
| 651 #7 - المدخل الاضافى بالموضوع - اسم جغرافى | |
| الاسم الجغرافي | الصين |
| التقسيم الفرعي العام | أحوال اجتماعية |
| التقسيم الفرعي الزمني | العصر الحديث. |
| مصدر الرأس أو المصطلح | BUEsh |
| 9 (RLIN) | 31220 |
| 655 ## - مصطلح تكشيفى-نوع/شكل | |
| التقسيم الفرعي الشكلي | Reading book |
| 700 1# - المدخل الاضافى - اسم شخصى | |
| الإسم الشخصى | حمدي، عبد العزيز، |
| الدور | مترجم. |
| 9 (RLIN) | 31221 |
| 700 1# - المدخل الاضافى - اسم شخصى | |
| الإسم الشخصى | تشونغ، د لي تشين، |
| الدور | مراجع. |
| 9 (RLIN) | 31222 |
| 942 ## - عناصر المدخل الإضافي( كوها) | |
| Koha [default] item type | Book - Borrowing |
| مصدر التصنيف او مخطط الترفيف | Dewey Decimal Classification |
| حالة التراجع | حالة الفقد | مصدر التصنيف او خطة الترفيف | حالة تلف | ليس للاعارة | مجموعات كوها | المكان الدائم | المكان الحالي | موقع الترفيف | تاريخ الاكتساب | Source of acquisition | رقم الاستدعاء | الباركود | Date last seen | نوع الوعاء |
|---|---|---|---|---|---|---|---|---|---|---|---|---|---|---|
| Dewey Decimal Classification | Alef-Baa | Central Library | Central Library | Second Floor | 26/11/2007 | Purchase | 951 ب ن ص | 000007963 | 15/07/2025 | Book - Borrowing |